| 000 | 00627nam a2200205Ia 4500 | ||
|---|---|---|---|
| 003 | GCL | ||
| 008 | 140319s9999 xx 000 0 ara d | ||
| 040 |
_aGCL / _cGCL |
||
| 082 | 0 | 4 |
_a025.05 _bم م |
| 100 | 1 | _aمجلة اليونسكو للمكيتات | |
| 245 | 1 | 0 |
_aمجلة اليونسكو للكتاب / _cمجلة اليونسكو للمكيتات |
| 300 | _a108 | ||
| 490 |
_a100 قصة _v0 |
||
| 650 | 0 | 4 | _aالخدمة المكتبية |
| 650 | 0 | 4 | _aمراكز التوثيق |
| 650 | 0 | 4 | _aالمكتبات |
| 650 | 0 | 4 | _aالبيلوجرافيا |
| 650 | 0 | 4 | _aالتزويد ( مكتبات ) |
| 942 |
_2ddc _cBK |
||
| 999 |
_c46746 _d46746 |
||